Evaluating information : A guide for users of social science research

This book introduces students to social science research from the consumer’s point of view. The authors believe that while social science may not require that every student of the discipline will have to conduct research studies, it is still essential for students to successfully read, understand an...

全面介绍

Đã lưu trong:
书目详细资料
主要作者: Katzer, Jeffrey
格式: 图书
语言:Undetermined
出版: New York McGraw-Hill 1991
主题:
标签: 添加标签
没有标签, 成为第一个标记此记录!
Thư viện lưu trữ: Trung tâm Học liệu Trường Đại học Cần Thơ
LEADER 01465nam a2200217Ia 4500
001 CTU_186859
008 210402s9999 xx 000 0 und d
082 |a 300.72 
082 |b K11 
100 |a Katzer, Jeffrey 
245 0 |a Evaluating information : 
245 2 |b A guide for users of social science research 
245 0 |c Jeffrey Katzer, Kenneth H. Cook, Wayne W. Crouch 
260 |a New York 
260 |b McGraw-Hill 
260 |c 1991 
520 |a This book introduces students to social science research from the consumer’s point of view. The authors believe that while social science may not require that every student of the discipline will have to conduct research studies, it is still essential for students to successfully read, understand and evaluate the research published in their field. To that end, the authors of this text have streamlined their narrative, omitting the burden of technical jargon, and focusing on the broad elements common to all kinds of social science research, such as experimental, survey, and case study. Questions to Ask, found at the end of each chapter, highlight the specific criteria to consider when evaluating research and offer a clear and accessible presentation of the general principles in social science research. 
650 |a Social sciences,Khoa học xã hội 
650 |x Methodology,Phương pháp luận 
910 |a Hải 
980 |a Trung tâm Học liệu Trường Đại học Cần Thơ